000
00343nam a2200145Ia 4500
003
OSt
005
20240301100010.0
008
170524s9999 xx 000 0 und d
020
_a
978-0868404530
040
_c
iimtu meerut
100
_a
GRANATO- L
245
0
_a
NEWSPAPER FEATURE WRITING
260
_b
ANMOL PUB. : NEW DELHI
942
_2
ddc
_c
02
999
_c
9220
_d
9220